| 000 | 00658nam a2200205Ia 4500 | ||
|---|---|---|---|
| 003 | LDD | ||
| 008 | 190117s9999 xx 000 0 und d | ||
| 020 |
_a8181430913 _c₹200 |
||
| 040 | _cLDD | ||
| 041 | _ahi | ||
| 082 | _a8H3.7 भ3916क | ||
| 100 | _aभण्डारी, मन्नू | ||
| 245 | 0 |
_aकथा-पटकथा _cमन्नू भण्डारी |
|
| 246 | _a Katha-patkatha | ||
| 260 |
_aनयी दिल्ली _bवाणी प्रकाशन _c2003 |
||
| 300 | _a216 | ||
| 901 | _aVANI | ||
| 904 | _aReqst by : सत्यकाम | ||
| 942 |
_2ddc _cH |
||
| 999 |
_c165248 _d165248 |
||